Recommendations on the future regulation of the Building Control Sector and Profession in England (Record no. 121261)
[ view plain ]
| 000 -LEADER | |
|---|---|
| fixed length control field | 01322nam a22002177a 4500 |
| 001 - CONTROL NUMBER | |
| control field | 121261 |
| 008 - FIXED-LENGTH DATA ELEMENTS--GENERAL INFORMATION | |
| fixed length control field | 141222s2020 xxk|||||o|||| 00| 0 eng d |
| 041 ## - LANGUAGE CODE | |
| Language code of text/sound track or separate title | eng |
| 110 ## - MAIN ENTRY--CORPORATE NAME | |
| Corporate author | Royal Institution of Chartered Surveyors |
| 245 ## - TITLE STATEMENT | |
| Title | Recommendations on the future regulation of the Building Control Sector and Profession in England |
| Medium | [Electronic resource] |
| 260 ## - PUBLICATION INFORMATION | |
| Place of publication | London, |
| Publisher | Royal Institution of Chartered Surveyors, |
| Date | 2020 |
| 300 ## - PHYSICAL DESCRIPTION | |
| Physical description | 157p |
| 520 ## - ABSTRACT | |
| Abstract | Published by RICS on behalf of the Future of Building Control Working Group. Leadership organisations from across the building control sector, including RICS, CABE, CIOB, put forward 11 key recommendations for the future oversight and regulation of the profession and Building Control Bodies in England. Recommendations include a new competence framework to cover all persons working in building control. |
| 650 ## - KEYWORDS | |
| Keywords | BUILDING CONTROL |
| 650 ## - KEYWORDS | |
| Keywords | BUILDING SAFETY |
| 651 ## - SUBJECT ADDED ENTRY--GEOGRAPHIC NAME | |
| Geographic name | United Kingdom |
| 690 ## - BROAD SUBJECT | |
| 9 (RLIN) | 6222 |
| Broad subject | Building control |
| 710 ## - ADDED CORPORATE NAME | |
| Added corporate author | Royal Institution of Chartered Surveyors |
| 856 ## - ONLINE RESOURCE | |
| Uniform Resource Identifier | <a href="http://web.archive.org/web/20220121073656/https://www.rics.org/globalassets/rics-website/media/upholding-professional-standards/sector-standards/building-surveying/future-of-building-control.pdf">http://web.archive.org/web/20220121073656/https://www.rics.org/globalassets/rics-website/media/upholding-professional-standards/sector-standards/building-surveying/future-of-building-control.pdf</a> |
| Public note | Available on the web archive |
| 942 ## - ADDED ENTRY ELEMENTS (KOHA) | |
| Suppress in OPAC | Do not suppress in OPAC |
| Lost status | Source of classification or shelving scheme | Damaged status | Not for loan | Home library | Current library | Date acquired | Total Checkouts | Date last seen | Price effective from | Koha item type |
|---|---|---|---|---|---|---|---|---|---|---|
| Dewey Decimal Classification | Virtual | Virtual | 14/12/2022 | 25/08/2023 | 14/12/2022 | Online material |